000 01610nam a22003377a 4500
003 BO-EaUP
005 20250819162818.0
008 250819b |||||||| |||| 00| 0 eng d
020 _a84-252-2008-4
040 _a
_bspa
_cARQUITECTURA
041 _aspa
_hspa
082 _221
_a720
092 _a720
_SC566
100 _aCianchetta Alessandra, Molteni Enrico
_eAutor
_96036
245 _aÁlvaro Siza
_bCasas 1954-2004
_c Alessandra Cianchetta, Enrico Molteni
250 _aPrimera edición
260 _aBarcelona:
_bGustavo Gili, SA
_c2004
300 _a231 páginas;
_bTapa dura
_c24 x 28 centímetros
505 _a7. Introducción
505 _a9. Vivir una casa, Alvaro Siza
505 _a11. Conversación sobre el tema de la casa
505 _a13. Una autentica casa, Enrico Molteni
505 _a17. Repertorio de las casas
520 _aÁlvaro Siza. El interés de este libro radica en la claridad que rige la selección de sus casas proyectadas y realizadas a lo largo de cincuenta años, desde las primeras cuatro casas en Matosinhos hasta la reciente casa en Mallorca y que intenta cubrir el vacío que, respecto al tema, presentan otros estudios de su obra. El libro constituye un verdadero viaje por el interior de las casas, siempre con la esperanza del encuentro inesperado, de la sorpresa y del descubrimiento.
521 _aEstá dirigido a estudiantes y Profesionales del area de ciencias y artes de habitad
600 _2ADMINISTRACION
650 _2HISTORIA, TALLER
653 _aPROYECTOS DE REFERENCIA
653 _aVIVIENDA FAMILIAR
942 _2ddc
_n0
_cBK
_e21
999 _c5320
_d5320